Real Names of Historical Figures Quiz Stats

 Plays Quiz Updated Oct 28, 2015

Score 0/20 Timer 04:00
0 Plays Today
% Correct
Mark Twain
87%
Dr. Seuss
70.4%
Joseph Stalin
67.5%
El Greco
65.8%
Annie Oakley
65.1%
Pelé
63.1%
Leon Trotsky
62.4%
Pancho Villa
61.5%
Ayn Rand
58.7%
Mother Teresa
58.2%
% Correct
John Cabot
57%
Cardinal Richelieu
56.3%
Lewis Carroll
54.3%
Butch Cassidy
54.2%
Voltaire
53.7%
Harry Houdini
51.5%
Pol Pot
51.4%
Irving Berlin
51.4%
George Eliot
46.8%
Sojourner Truth
41.2%

You're not logged in!

Compare scores with friends on all Sporcle quizzes.
OR
Log In

Show Comments

Extras

Top Quizzes Today


Score Distribution

Your Account Isn't Verified!

In order to create a playlist on Sporcle, you need to verify the email address you used during registration. Go to your Sporcle Settings to finish the process.

Report this User

Report this user for behavior that violates our Community Guidelines.

Details: